MARC details
| 000 -LEADER |
| fixed length control field |
02233cam a2200361 i 4500 |
| 001 - CONTROL NUMBER |
| control field |
22135070 |
| 005 - DATE AND TIME OF LATEST TRANSACTION |
| control field |
20220315130715.0 |
| 008 - FIXED-LENGTH DATA ELEMENTS--GENERAL INFORMATION |
| fixed length control field |
210715t20222022flua b 001 0 eng |
| 010 ## - LIBRARY OF CONGRESS CONTROL NUMBER |
| LC control number |
2021020846 |
| 020 ## - INTERNATIONAL STANDARD BOOK NUMBER |
| International Standard Book Number |
9780367077952 |
| 020 ## - INTERNATIONAL STANDARD BOOK NUMBER |
| International Standard Book Number |
9781032106229 |
| 020 ## - INTERNATIONAL STANDARD BOOK NUMBER |
| Canceled/invalid ISBN |
9780429022838 |
| 040 ## - CATALOGING SOURCE |
| Original cataloging agency |
DLC |
| Language of cataloging |
eng |
| Transcribing agency |
DLC |
| Description conventions |
rda |
| Modifying agency |
DLC |
| 042 ## - AUTHENTICATION CODE |
| Authentication code |
pcc |
| 050 00 - LIBRARY OF CONGRESS CALL NUMBER |
| Classification number |
QA9.A5 |
| Item number |
J43 2022 |
| 082 00 - DEWEY DECIMAL CLASSIFICATION NUMBER |
| Classification number |
DC 511.3 |
| Edition number |
2022 |
| Item number |
J348 |
| 100 1# - MAIN ENTRY--PERSONAL NAME |
| Personal name |
Jebril, Iqbal H., |
| Relator term |
author. |
| 9 (RLIN) |
44725 |
| 245 10 - TITLE STATEMENT |
| Title |
Concise introduction to logic and set theory / |
| Statement of responsibility, etc. |
Iqbal H. Jebril, Hemen Dutta, and Ilwoo Cho. |
| 250 ## - EDITION STATEMENT |
| Edition statement |
First edition. |
| 260 ## - PUBLICATION, DISTRIBUTION, ETC. (IMPRINT) |
| Place of publication, distribution, etc. |
Boca Raton : |
| Name of publisher, distributor, etc. |
SRC Press , |
| Date of publication, distribution, etc. |
©2022. |
| 300 ## - PHYSICAL DESCRIPTION |
| Extent |
ix, 160 pages : |
| Other physical details |
illustrations ; |
| Dimensions |
25 cm. |
| 490 0# - SERIES STATEMENT |
| Series statement |
Mathematics and its applications: modelling, engineering, and social sciences |
| 504 ## - BIBLIOGRAPHY, ETC. NOTE |
| Bibliography, etc |
Includes bibliographical references (page 157) and index. |
| 520 ## - SUMMARY, ETC. |
| Summary, etc. |
"This book deals with two important branches of mathematics, namely, logic and set theory. Logic and set theory are closely related and play very crucial roles in the foundation of mathematics, and together produce several results in all of mathematics. The topics of logic and set theory are required in many areas of physical sciences, engineering, and technology. The book offers solved examples and exercises, and provides reasonable details to each topic discussed, for easy understanding. The book is designed for readers from various disciplines where mathematical logic and set theory play a crucial role. The book will be of interested to students and instructors in engineering, mathematics, computer science, and technology"-- |
| 650 #0 - SUBJECT ADDED ENTRY--TOPICAL TERM |
| Topical term or geographic name as entry element |
Logic, Symbolic and mathematical. |
| 9 (RLIN) |
40218 |
| 650 #0 - SUBJECT ADDED ENTRY--TOPICAL TERM |
| Topical term or geographic name as entry element |
Set theory. |
| 9 (RLIN) |
44726 |
| 700 1# - ADDED ENTRY--PERSONAL NAME |
| Personal name |
Dutta, Hemen, |
| Dates associated with a name |
1981- |
| Relator term |
author. |
| 9 (RLIN) |
44727 |
| 700 1# - ADDED ENTRY--PERSONAL NAME |
| Personal name |
Cho, Ilwoo, |
| Relator term |
author. |
| 9 (RLIN) |
44728 |
| 776 08 - ADDITIONAL PHYSICAL FORM ENTRY |
| Relationship information |
Online version: |
| Main entry heading |
Jebril, Iqbal H. |
| Title |
Concise introduction to logic and set theory |
| Edition |
First edition. |
| Place, publisher, and date of publication |
Boca Raton : CRC Press, Taylor & Francis Group, 2022 |
| International Standard Book Number |
9780429022838 |
| Record control number |
(DLC) 2021020847 |
| 906 ## - LOCAL DATA ELEMENT F, LDF (RLIN) |
| a |
7 |
| b |
cbc |
| c |
orignew |
| d |
1 |
| e |
ecip |
| f |
20 |
| g |
y-gencatlg |
| 942 ## - ADDED ENTRY ELEMENTS (KOHA) |
| Source of classification or shelving scheme |
Dewey Decimal Classification |
| Koha item type |
Circulation |